| 000 | 01074nac a22003497a 4500 | ||
|---|---|---|---|
| 001 | BR9800205 | ||
| 003 | BR-BrBNA | ||
| 005 | 20240105122003.0 | ||
| 008 | 230509b bl.|||m| |||| 00| 0 por d | ||
| 040 |
_aBR-BrBNA _bpor _cBiblioteca Nacional de Agricultura |
||
| 072 | _aF01 | ||
| 090 | _a0430 BR9800205 | ||
| 100 | 1 | _aFreire, E.C. | |
| 100 | 1 | _aSantos, A.M. dos | |
| 100 | 1 | _aArantes, E.M. | |
| 100 | 1 | _aParo, H. | |
| 100 | 1 | _aFarias, F.J.C. | |
| 100 | 1 | _aNascimento, J.L. do | |
| 100 | 1 | _aPedrosa, M.B. | |
| 110 | 1 |
_aCentro Nacional de Pesquisa do Algodao, Campina Grande, PB (Brasil) _91702 |
|
| 245 | 1 | _aDiagnostico da cultura do algodao em Mato Grosso - 1996 | |
| 260 | 3 |
_aCampina Grande, PB (Brasil): _c1996. |
|
| 300 | _a31 p. | ||
| 490 |
_aDocumentos - Centro Nacional de Pesquisa do Algodao (Brazil) _vno. 49 _xISSN 0103-0205 |
||
| 500 | _a10 ref. | ||
| 650 | _aAlgodao | ||
| 650 | _aPratica Cultural | ||
| 650 | _aPesquisa Agricola | ||
| 650 | _aMato Grosso | ||
| 909 |
_a202312 _bLúcia Elande _c55 _dLúcia Elande |
||
| 942 |
_2AGRIS _n0 _cMS |
||
| 999 |
_c288590 _d288590 |
||